Southville International School and Colleges
Your cart is empty.
  • Cart
  • Lists
    Public lists Eva Luna New books Lux_list list_1
    Your lists Log in to create your own lists
  • Log in to your account
  • Your cookies
  • Search history
Southville International School and Colleges
  • Advanced search
  • Recent comments
  • Most popular
  • Libraries

Log in to your account

Log in with GOOGLE


If you do not have an external account, but do have a local account, you can still log in:

  1. Home
  2. MARC view: The rise of brands /
Normal view MARC view ISBD view

The rise of brands / (Record no. 23385)

[ view plain ]
MARC details
000 -LEADER
fixed length control field 00675nam a2200241 a 4500
005 - DATE AND TIME OF LATEST TRANSACTION
control field 20140310183450.0
008 - FIXED-LENGTH DATA ELEMENTS--GENERAL INFORMATION
fixed length control field 090109s19uu xx 00 eng d
020 ## - INTERNATIONAL STANDARD BOOK NUMBER
International Standard Book Number 9781845203849
050 ## - LIBRARY OF CONGRESS CALL NUMBER
Classification number HF 5415.1255
Item number .M66 2007
100 ## - MAIN ENTRY--PERSONAL NAME
Personal name Moor, Liz
245 ## - TITLE STATEMENT
Title The rise of brands /
Statement of responsibility, etc Liz Moor
260 ## - PUBLICATION, DISTRIBUTION, ETC. (IMPRINT)
Place of publication, distribution, etc Oxford, New York :
Name of publisher, distributor, etc Berg,
Date of publication, distribution, etc 2007.
300 ## - PHYSICAL DESCRIPTION
Extent 188 p. :
Dimensions 23 cm.
521 ## - TARGET AUDIENCE NOTE
Target audience note
650 ## - SUBJECT ADDED ENTRY--TOPICAL TERM
Topical term or geographic name as entry element BSBA.
650 ## - SUBJECT ADDED ENTRY--TOPICAL TERM
Topical term or geographic name as entry element Branding (Marketing).
650 ## - SUBJECT ADDED ENTRY--TOPICAL TERM
Topical term or geographic name as entry element Brand name products
General subdivision History.
650 ## - SUBJECT ADDED ENTRY--TOPICAL TERM
Topical term or geographic name as entry element Branding copnsultants.
650 ## - SUBJECT ADDED ENTRY--TOPICAL TERM
Topical term or geographic name as entry element Intellectual property
General subdivision Management.
650 ## - SUBJECT ADDED ENTRY--TOPICAL TERM
Topical term or geographic name as entry element Marketing
General subdivision Social aspects.
942 ## - ADDED ENTRY ELEMENTS (KOHA)
Koha item type Books
Source of classification or shelving scheme Library of Congress Classification
Call number prefix Foreign
Holdings
Withdrawn status Lost status Source of classification or shelving scheme Damaged status Home library Current library Shelving location Date acquired Source of acquisition Cost, normal purchase price Total Checkouts Full call number Barcode Date last seen Copy number Price effective from Koha item type
    Library of Congress Classification   College Library College Library General Circulation Section 01/09/2009 Donation 1915.00   HF 5415.1255 .M66 2007 C10062 05/15/2018 1 10/18/2013 Books

The rise of brands /

APA

Moor L., . (2007). The rise of brands. Oxford, New York: Berg.

Chicago

Moor Liz, . 2007. The rise of brands. Oxford, New York: Berg.

Harvard

Moor L., . (2007). The rise of brands. Oxford, New York: Berg.

MLA

Moor Liz, . The rise of brands. Oxford, New York: Berg. 2007.

  • Place hold
  • Print
  • Cite
  • Add to your cart (remove)
  • Save record
    BIBTEX Dublin Core MARCXML MARC (non-Unicode/MARC-8) MARC (Unicode/UTF-8) MARC (Unicode/UTF-8, Standard) MODS (XML) RIS
  • More searches
    Search for this title in:
    Other Libraries (WorldCat) Other Databases (Google Scholar) Online Stores (Bookfinder.com) Open Library (openlibrary.org)

Exporting to Dublin Core...

SOUTHVILLE LIBRARY

Southville International School and Colleges Library

1281 Tropical Ave. Cor. Luxembourg St., BF Homes International, Las Pinas City

Tel. No. 8256374 / 252358 Loc. 117/146

Powered by Koha